Harwich, Dovercourt and Parkeston in the 19th century /

Bibliographic Details
Main Author: Senter, Andrew (Author)
Format: Book
Language:English
Published: London : Institute of Historical Research, 2019.
Series:Victoria history of Essex.
Victoria history of the counties of England.
Subjects:

MARC

Tag First Indicator Second Indicator Subfields
LEADER 00000cam a2200000 i 4500
001 in00004359749
005 20211028142415.0
008 190429s2019 enka b 001 0 eng d
035 |a (OCoLC)on1099826848 
040 |a YDX  |e rda  |c YDX  |d COO  |d BDX 
020 |a 9781912702114  |q (pbk.) 
020 |a 1912702118 
020 |z 9781912702398  |q (ePub ebook) 
020 |z 9781912702404  |q (Kindle ebook) 
043 |a e-uk-en 
050 4 |a DA670.E7  |b S46 2019 
082 0 |a 942.67  |2 23 
049 |a TXAM 
100 1 |a Senter, Andrew,  |e author. 
245 1 0 |a Harwich, Dovercourt and Parkeston in the 19th century /  |c Andrew Senter. 
264 1 |a London :  |b Institute of Historical Research,  |c 2019. 
300 |a 131 pages :  |b illustrations ;  |c 26 cm. 
336 |a text  |b txt  |2 rdacontent 
337 |a unmediated  |b n  |2 rdamedia 
338 |a volume  |b nc  |2 rdacarrier 
490 1 |a The Victoria history of Essex 
490 1 |a Victoria county history 
504 |a Includes bibliographical references and index. 
651 0 |a Essex (England)  |x History  |y 19th century. 
651 0 |a Harwich (England)  |x History  |y 19th century. 
651 0 |a Dovercourt (England)  |x History  |y 19th century. 
651 0 |a Parkeston (England)  |x History  |y 20th century. 
830 0 |a Victoria history of Essex. 
830 0 |a Victoria history of the counties of England. 
945 |b 45142 
947 |a A14851654021 
948 |a cataloged  |b h  |c 2021/10/28  |d c  |e dmitchel  |f 2:20:20 PM 
994 |a 92  |b TXA 
999 f f |s 6ab0f6f4-b00c-3c4d-866b-31f20c2c4910  |i 29bd4bc6-ee41-3018-90b0-09ceb06220ea  |t 0 
952 f f |p normal  |a Texas A&M University  |b College Station  |c Sterling C. Evans Library  |d Evans: Library Stacks  |t 0  |e DA670.E7 S46 2019  |h Library of Congress classification  |i unmediated -- volume  |m A14851654021 
998 f f |a DA670.E7 S46 2019  |t 0  |l Evans: Library Stacks